| 000 | 00786nas a2200265Ia 4500 | ||
|---|---|---|---|
| 001 | dg100-43054 | ||
| 003 | IT-MiCISF | ||
| 008 | 161014c99999999xx |||||||||||| ||und|| | ||
| 040 |
_aIT-MiCISF _cIT-MiCISF |
||
| 041 | _aITALIANO | ||
| 100 | _aCorradini Antonietta | ||
| 210 | _aUicemp News | ||
| 222 | _aUicemp News | ||
| 245 | 0 | _aEducazione sessuale: l'esperienza passata dell'Uicemp | |
| 250 | _a1a ed. | ||
| 260 | _c2005 | ||
| 501 |
_bCISF - Centro Internazionale Studi Famiglia - Via Giotto, 36 20145 MILANO (non commercial uses only) _cCopyright 2016 |
||
| 300 | _app. 13 | ||
| 362 | _a [2005] | ||
| 500 | _a Tema: educazione-sessuale, consultori, esperienze | ||
| 650 |
_aEDUCAZIONE _varticolo |
||
| 700 | _aAA.VV. | ||
| 942 | _cCR | ||
| 957 | _71 | ||
| 999 |
_a43054 _bSi _g1 _c218334 _d218334 |
||